Дело об уплате денег за наём музыкантов и о покупке инструментов

Доступно только в Электронных читальных залах Найти на картеНа карте
RUSMARC
00003966nmc2a22000003x 450
001a6697043-c123-476e-9ff1-502ec2f5d28b
00520181009182356.0
100##$a20161222l18211821k l0rusy0189 ca
1010#$arus
102##$aRU
2001#$aДело об уплате денег за наём музыкантов и о покупке инструментов
$j3 января - 30 декабря 1821 г.
251##$cДело
300##$aДело
300##$aОриг. заголовок дела: Дело о найме музыкантов и о покупке инструментов в 1821 году. 3 января 1821 г. - 30 декабря 1821 г
801#0$aRU
$bРГИА
$c20161222
$gRCR
801#1$aRU
$bГлавНИВЦ
$c20161222
$2rusmarc
801#2$aRU
$bПБ им. Б.Н. Ельцина
$c20181009
$gRCR
$2rusmarc
850##$aРГИА
852##$aРГИА
$eФедеральное казенное учреждение "Российский государственный исторический архив" (РГИА)
$j2155
937##$hРГИА
$d12236124
$aASBIBLIO_SCAN
462#0$1001dd3991dc-24e1-42ec-8838-ca4255420416
$12001
$a1746-1850 гг.
$1251
$cОпись
$1852
$j1
461#0$10019264ebf8-de62-4f1a-9eb4-9f22098dbbd5
$12001
$aДирекция императорских театров МИДв
$1251
$cФонд
$1852
$j497
215##$a79 л.
$d36,5х26 см
371##$aДокумент не является опубликованным и широко распространяемым
5171#$aДело о найме музыкантов и о покупке инструментов в 1821 году. 3 января 1821 г. - 30 декабря 1821 г
105##$ay###
1222#$ad
035##$aa6697043-c123-476e-9ff1-502ec2f5d28b
856##$uhttp://readingroom.main.prlib.ru/item.aspx?id_node=n119095811&mode=full
Формат отображения